[Event "Florianopolis op 5th"]
[Site "Florianopolis"]
[Date "2019.01.24"]
[Round "6"]
[White "Boghi, Victor Almeida"]
[Black "Lopes, Leonardo Borges"]
[Result "0-1"]
[WhiteElo "1721"]
[BlackElo "1327"]
[PlyCount "66"]
[EventDate "2019.01.21"]
[EventType "swiss"]
[EventRounds "10"]
[EventCountry "BRA"]
[SourceTitle "CBM 188 Extra"]
[Source "ChessBase"]
[SourceDate "2019.02.26"]
[SourceVersion "1"]
[SourceVersionDate "2019.02.26"]
[SourceQuality "1"]

1. Nf3 c5 2. g3 g6 3. Bg2 Bg7 4. 0-0 d5 5. d3 Nf6 6. Nbd2 0-0 7. e4 Nc6 8. exd5 Nxd5 9. Nb3 Qd6 10. Nfd2 b6 11. Nc4 Qd8 12. Nbd2 Bb7 13. Ne4 Nf6 14. c3 Nxe4 15. dxe4 Ba6 16. Qb3 Ne5 17. Rd1 Bxc4 18. Rxd8 Bxb3 19. Rxa8 Rxa8 20. axb3 a5 21. f4 Nd3 22. Be3 Nxb2 23. e5 Rd8 24. Rb1 Nd1 25. Bf2 Nxc3 26. Ra1 f6 27. Be1 Nd1 28. Bf3 Ne3 29. exf6 Bxf6 30. Ra2 Rd3 31. Bxa5 bxa5 32. Rxa5 Bd4 33. Bd5+ Nxd5+ 0-1

[Event "Florianopolis Region-ch sf"]
[Site "Florianopolis"]
[Date "2018.12.16"]
[Round "6"]
[White "Boghi, Victor Almeida"]
[Black "Rodrigues, Natanael Isau Braz"]
[Result "1-0"]
[WhiteElo "1736"]
[BlackElo "1797"]
[PlyCount "129"]
[EventDate "2018.12.13"]
[EventType "swiss"]
[EventRounds "7"]
[EventCountry "BRA"]
[SourceTitle "CBM 187 Extra"]
[Source "ChessBase"]
[SourceDate "2018.11.04"]
[SourceVersion "1"]
[SourceVersionDate "2018.11.04"]
[SourceQuality "1"]

1. c4 e5 2. b3 Nc6 3. Bb2 f5 4. g3 Nf6 5. Bg2 d6 6. e3 g6 7. Ne2 Bg7 8. d3 Be6 9. d4 exd4 10. Nxd4 Bd7 11. 0-0 0-0 12. Na3 Ne4 13. Nxc6 Bxc6 14. Bxg7 Kxg7 15. Nb5 Bxb5 16. cxb5 Qf6 17. Qc2 Qe7 18. Rac1 Rf7 19. a4 a6 20. bxa6 Rxa6 21. b4 Kh6 22. Rfd1 Qe6 23. Bf1 Rc6 24. Bc4 Qe7 25. Rd5 Rg7 26. Qd1 Ng5 27. Rd4 Ne4 28. Qf1 g5 29. Rd5 Kg6 30. Rb5 b6 31. Bf7+ Qxf7 32. Rxc6 Qa2 33. a5 bxa5 34. bxa5 h5 35. a6 h4 36. Rb7 h3 37. f3 Nd2 38. Qe2 Qa1+ 39. Kf2 Qh1 40. Qxd2 Qxh2+ 41. Ke1 Qg1+ 42. Ke2 h2 43. Rc1 h1Q 44. Rxg1 Qxg1 45. Qe1 Qh2+ 46. Kd3 Qa2 47. Ra7 Re7 48. Qd2 Qb1+ 49. Ke2 Qg1 50. Ra8 Qg2+ 51. Kd3 Qxf3 52. Rb8 Re5 53. Kc2 Rxe3 54. a7 Qc6+ 55. Kb2 Qe4 56. Qxe3 Qxe3 57. a8Q Qd2+ 58. Ka3 Qc3+ 59. Ka4 Qc4+ 60. Ka5 Qa2+ 61. Kb5 Qxa8 62. Rxa8 Kh5 63. Ra4 f4 64. gxf4 g4 65. f5 1-0

[Event "Florianopolis Region-ch sf"]
[Site "Florianopolis"]
[Date "2018.12.16"]
[Round "7"]
[White "De Haro, Martim Alfonso"]
[Black "Boghi, Victor Almeida"]
[Result "1-0"]
[WhiteElo "1844"]
[BlackElo "1736"]
[PlyCount "63"]
[EventDate "2018.12.13"]
[EventType "swiss"]
[EventRounds "7"]
[EventCountry "BRA"]
[SourceTitle "CBM 187 Extra"]
[Source "ChessBase"]
[SourceDate "2018.11.04"]
[SourceVersion "1"]
[SourceVersionDate "2018.11.04"]
[SourceQuality "1"]

1. e4 d6 2. Nc3 g6 3. d4 Bg7 4. h3 Nf6 5. Nf3 0-0 6. Be3 e5 7. dxe5 dxe5 8. Bc5 Qxd1+ 9. Rxd1 Re8 10. Bc4 h6 11. Nd5 Nxd5 12. Bxd5 Nd7 13. Bxb7 Bxb7 14. Rxd7 Bxe4 15. Rxc7 Rac8 16. Rxc8 Rxc8 17. b4 a5 18. c3 axb4 19. cxb4 Ra8 20. 0-0 Rxa2 21. Rd1 Bf6 22. Nd2 Bc2 23. Re1 Bd3 24. Ne4 Kg7 25. Nc3 Rb2 26. Re3 Bc4 27. Ne4 g5 28. Nd6 Ba6 29. Ra3 Be2 30. Ra7 Bh5 31. Ne8+ Kg6 32. Ra6 1-0

[Event "Rio de Janeiro Duchamp op"]
[Site "Rio de Janeiro"]
[Date "2017.11.15"]
[Round "6"]
[White "Boghi, Victor Almeida"]
[Black "Farias, Sergio Luiz Cardoso"]
[Result "1-0"]
[WhiteElo "1594"]
[BlackElo "1572"]
[PlyCount "115"]
[EventDate "2017.11.11"]
[EventType "swiss"]
[EventRounds "9"]
[EventCountry "BRA"]
[SourceTitle "CBM 181 Extra"]
[Source "ChessBase"]
[SourceDate "2017.12.12"]
[SourceVersion "1"]
[SourceVersionDate "2017.12.12"]
[SourceQuality "1"]

1. Nf3 c6 2. g3 Nf6 3. Bg2 d5 4. b3 Bg4 5. Bb2 Qc8 6. h3 Bd7 7. d3 Na6 8. Nbd2 Nc7 9. Ne5 Be6 10. Ndf3 Nd7 11. Ng5 Nxe5 12. Bxe5 h6 13. Nxe6 Nxe6 14. 0-0 f6 15. Bb2 Ng5 16. h4 Nf7 17. e4 Qd7 18. exd5 cxd5 19. Qh5 e6 20. Rfe1 0-0-0 21. Kh2 Qc7 22. Rxe6 Bd6 23. c4 Ng5 24. Qe2 Nxe6 25. Qxe6+ Kb8 26. Bxd5 Rhe8 27. Qg4 Rd7 28. Rc1 Rde7 29. Be4 Bc5 30. f3 Qa5 31. Qf4+ Ka8 32. d4 Bb4 33. Rc2 Qa6 34. Bc1 g5 35. Qg4 gxh4 36. Qxh4 f5 37. Bd3 Bd6 38. Bd2 Qc6 39. Qh5 Qc7 40. f4 Qc6 41. Bc3 Re3 42. Bxf5 Qc7 43. Rf2 Qg7 44. Rf3 Re2+ 45. Kh3 Qe7 46. d5 Re3 47. Be6 Rxf3 48. Qxf3 Qh7 49. b4 Qg6 50. c5 Bc7 51. f5 Qg5 52. f6 h5 53. f7 Rf8 54. d6 Bd8 55. c6 Qg6 56. Qf5 Qxf5+ 57. Bxf5 Rxf7 58. Be6 1-0

[Event "Guarapari Aberta do Estadual"]
[Site "Guarapari"]
[Date "2015.08.28"]
[Round "1.6"]
[White "Bonfim, Hudson Soares Do"]
[Black "Boghi, Victor Almeida"]
[Result "1-0"]
[WhiteElo "1918"]
[BlackElo "1625"]
[PlyCount "84"]
[EventDate "2015.08.28"]
[EventType "swiss"]
[EventRounds "6"]
[EventCountry "BRA"]
[SourceTitle "EXT 2022"]
[Source "ChessBase"]
[SourceDate "2021.10.06"]
[SourceVersion "1"]
[SourceVersionDate "2021.10.06"]
[SourceQuality "1"]

1. Nf3 Nf6 2. g3 g6 3. Bg2 Bg7 4. 0-0 0-0 5. d3 d6 6. e4 e5 7. Nbd2 c5 8. Nc4 Nc6 9. h3 Be6 10. Ne3 h6 11. c4 a6 12. Rb1 Rb8 13. Bd2 Nb4 14. Qb3 b5 15. a3 bxc4 16. dxc4 Nbd5 17. Qd3 Nxe3 18. Bxe3 Qb6 19. b4 Qc6 20. Nd2 cxb4 21. axb4 Rfe8 22. b5 axb5 23. cxb5 Bc4 24. bxc6 Bxd3 25. Rxb8 Rxb8 26. c7 Rc8 27. Rc1 Ne8 28. Bb6 Bf6 29. h4 Ba6 30. Bh3 Ra8 31. c8Q Bxc8 32. Rxc8 Rxc8 33. Bxc8 Be7 34. Nc4 Nf6 35. Bb7 g5 36. hxg5 hxg5 37. Bc6 Ng4 38. f3 Nh6 39. f4 f6 40. Bb7 Nf7 41. Bd5 Kf8 42. Bxf7 Kxf7 1-0

[Event "Botafogo Fexerj op"]
[Site "Botafogo"]
[Date "2015.01.24"]
[Round "3"]
[White "Boghi, Victor Almeida"]
[Black "Chaves, Jorge Antonio Torre"]
[Result "0-1"]
[WhiteElo "1636"]
[BlackElo "1991"]
[PlyCount "44"]
[EventDate "2015.01.23"]
[EventType "swiss"]
[EventRounds "6"]
[EventCountry "BRA"]
[SourceTitle "CBM 164 Extra"]
[Source "ChessBase"]
[SourceDate "2015.03.02"]
[SourceVersion "1"]
[SourceVersionDate "2015.03.02"]
[SourceQuality "1"]

1. c4 Nf6 2. g3 c6 3. Bg2 d6 4. e3 e5 5. Ne2 Be7 6. 0-0 Be6 7. b3 Qc8 8. Re1 Bh3 9. Nbc3 h5 10. d4 h4 11. dxe5 dxe5 12. Ne4 Bxg2 13. Nxf6+ gxf6 14. Kxg2 hxg3 15. Nxg3 Qh3+ 16. Kf3 Nd7 17. Bb2 f5 18. Qd2 0-0-0 19. Ke2 Qg4+ 20. Kf1 Rxh2 21. Qd1 Qh3+ 22. Ke2 Qxg3 0-1

[Event "Pocos de Caldas op"]
[Site "Pocos de Caldas"]
[Date "2014.10.31"]
[Round "4"]
[White "Boghi, Victor Almeida"]
[Black "Cantarino Neto, Mario Ribeiro"]
[Result "0-1"]
[WhiteElo "1744"]
[BlackElo "2072"]
[PlyCount "82"]
[EventDate "2014.10.30"]
[EventType "swiss"]
[EventRounds "7"]
[EventCountry "BRA"]
[SourceTitle "EXT 2015"]
[Source "ChessBase"]
[SourceDate "2014.11.20"]
[SourceVersion "1"]
[SourceVersionDate "2014.11.20"]
[SourceQuality "1"]

1. c4 e5 2. d3 Nc6 3. Nf3 Bc5 4. g3 d6 5. Bg2 h5 6. h4 Nh6 7. Bxh6 Rxh6 8. Nc3 a6 9. Bh3 Bxh3 10. Rxh3 Qd7 11. Rh1 Ne7 12. Qd2 c6 13. Ne4 Ba7 14. Qxh6 gxh6 15. Nf6+ Kd8 16. Nxd7 Kxd7 17. e3 f5 18. 0-0-0 Rg8 19. d4 e4 20. Nd2 d5 21. Kb1 Bb6 22. Rc1 Ke6 23. Nb3 dxc4 24. Rxc4 Nd5 25. a3 Rg7 26. Nc5+ Bxc5 27. Rxc5 Kd6 28. Rhc1 Rc7 29. b4 Rf7 30. Ka2 Rf8 31. Kb3 Rf7 32. a4 Nc7 33. Re5 Rf8 34. Rcc5 Nd5 35. a5 Ne7 36. b5 axb5 37. a6 bxa6 38. Rxe7 Kxe7 39. Rxc6 Rf6 40. d5 Rxc6 41. dxc6 Kd6 0-1

[Event "Pocos de Caldas op"]
[Site "Pocos de Caldas"]
[Date "2014.10.31"]
[Round "3"]
[White "Guimaraes, Wagner Peixoto"]
[Black "Boghi, Victor Almeida"]
[Result "1-0"]
[WhiteElo "2211"]
[BlackElo "1744"]
[PlyCount "67"]
[EventDate "2014.10.30"]
[EventType "swiss"]
[EventRounds "7"]
[EventCountry "BRA"]
[SourceTitle "EXT 2015"]
[Source "ChessBase"]
[SourceDate "2014.11.20"]
[SourceVersion "1"]
[SourceVersionDate "2014.11.20"]
[SourceQuality "1"]

1. e4 c5 2. Nf3 d6 3. c3 Nf6 4. Be2 g6 5. h3 Bg7 6. 0-0 0-0 7. d3 Nc6 8. Re1 a6 9. Bf1 b5 10. d4 cxd4 11. cxd4 e5 12. d5 Ne7 13. a4 Bd7 14. Na3 bxa4 15. Nc4 Bb5 16. Bd2 Ne8 17. Bb4 f5 18. Ng5 Qb8 19. Ba3 Bh6 20. Ne6 Rf6 21. Nxe5 Qa7 22. Nf3 fxe4 23. Rxe4 Nf5 24. Bxb5 axb5 25. Qd3 Qb6 26. Rb4 Rb8 27. Re1 Neg7 28. g4 Nh4 29. Nfd4 Nxe6 30. dxe6 Rf4 31. Rxb5 Rxd4 32. Rxb6 Rxb6 33. Qg3 g5 34. e7 1-0

[Event "Pocos de Caldas op"]
[Site "Pocos de Caldas"]
[Date "2014.10.30"]
[Round "2"]
[White "Boghi, Victor Almeida"]
[Black "Matsuura, Frederico"]
[Result "0-1"]
[WhiteElo "1744"]
[BlackElo "2289"]
[PlyCount "72"]
[EventDate "2014.10.30"]
[EventType "swiss"]
[EventRounds "7"]
[EventCountry "BRA"]
[SourceTitle "EXT 2015"]
[Source "ChessBase"]
[SourceDate "2014.11.20"]
[SourceVersion "1"]
[SourceVersionDate "2014.11.20"]
[SourceQuality "1"]

1. c4 e6 2. Nf3 Nf6 3. g3 a6 4. d3 b5 5. Bg2 Bb7 6. 0-0 d5 7. cxd5 exd5 8. b3 Be7 9. Bb2 0-0 10. Nbd2 c5 11. Rc1 Nbd7 12. Re1 Qb6 13. Nh4 Rfe8 14. Qc2 Bf8 15. Ndf3 Rac8 16. Qb1 d4 17. Rc2 Nd5 18. a3 a5 19. Nd2 Qa7 20. Ne4 b4 21. Nf5 Qa6 22. Bh3 Rcd8 23. Qc1 Nc3 24. Bxc3 bxc3 25. Qg5 h6 26. Qg4 Ne5 27. Qh5 Bxe4 28. dxe4 g6 29. Nxh6+ Kh7 30. Qh4 Bxh6 31. f4 d3 32. Rxc3 d2 33. Rd1 Qxe2 34. Bf1 Nf3+ 35. Rxf3 Qxf3 36. g4 Qxd1 0-1